Sidemen in 30 seconds - Statistics

General Stats
  • This quiz has been taken 49 times
  • The average score is 6 of 7
Answer Stats
Picture Answer % Correct
Harry
97%
Ethan
95%
KSI
95%
Tobi
92%
Simon
89%
Josh
84%
Vikkstar
82%
No matching quizzes found
Score Distribution
Percent of People with Each Score
Percentile by Number Answered
Your Score History
You have not taken this quiz